000 00952cam a2200301 i 4500
001 15893
003 BD-RjUL
005 20211208235915.0
008 140211s1980 maua b 001 0 eng
020 _a0316521035
035 _a(BD-RjUL)15948
040 _aDLC
_cDLC
_dDLC
_dBD-RjUL
_beng
041 _aeng
082 0 0 _a658.16
_bLES 1980
100 1 _aLeontiades, Milton.
_949274
245 1 0 _aStrategies for diversification and change /
_cMilton Leontiades.
260 _aBoston :
_bLittle, Brown,
_cc1980.
300 _axv, 199 p. :
_bill. ;
_c23 cm.
490 0 _aThe Little, Brown series in strategy and policy
504 _aIncludes bibliography (p. 189-194) and indexes.
650 0 _aDiversification in industry.
_949275
650 0 _aBusiness planning.
_949276
650 0 _aNew products.
_949277
650 0 _aConsolidation and merger of corporations.
_949278
942 _2ddc
_cBK
999 _c15893
_d15893